Cigány gyermekek közösségeikről
Elmentve itt :
| Szerző: | |
|---|---|
| Dokumentumtípus: | Cikk |
| Megjelent: |
2004
|
| Sorozat: | Iskolakultúra
14 No. 8 |
| Online Access: | http://misc.bibl.u-szeged.hu/39485 |
| LEADER | 00568nab a2200169 i 4500 | ||
|---|---|---|---|
| 001 | misc39485 | ||
| 005 | 20191106140740.0 | ||
| 008 | 180709s2004 hu o 0|| zxx d | ||
| 022 | |a 1215-5233 | ||
| 040 | |a SZTE Miscellanea Repozitórium |b hun | ||
| 041 | |a zxx | ||
| 100 | 2 | |a Forray R. Katalin | |
| 245 | 1 | 0 | |a Cigány gyermekek közösségeikről |h [elektronikus dokumentum] / |c Forray R. Katalin |
| 260 | |c 2004 | ||
| 300 | |a 130-140 | ||
| 490 | 0 | |a Iskolakultúra |v 14 No. 8 | |
| 856 | 4 | 0 | |u http://misc.bibl.u-szeged.hu/39485/1/EPA00011_iskolakultura_2004_08_130-140.pdf |z Dokumentum-elérés |